| 000 | 00484nam a22001577a 4500 | ||
|---|---|---|---|
| 005 | 20251113102914.0 | ||
| 008 | 251113b |||||||| |||| 00| 0 eng d | ||
| 020 | _a979-8-8875-001-7 | ||
| 100 | _aPALIWAL, SUDERSHAN | ||
| 245 | _aAIR POLLUTION AND ITS IMPACTS ON PLANTS GROWTH | ||
| 260 |
_aDUBLIN _bORYSON PRESS _c2023 |
||
| 300 | _aV, 298P. | ||
| 500 | _aINCLUDES INDEX | ||
| 650 | _a1. PLANTS -EFFECTS OF AIR POLLUTION 2. AIR POLLUTION PHYSIOLOGICAL EFFECTS | ||
| 942 |
_2lcc _cBK |
||
| 999 |
_c216180 _d216180 |
||